000 00790nam a22002651 4500
999 _c4103
_d4103
001 010684793
003 UkOxU
005 20220318053641.0
008 921109s1987 enk 000 0 eng d
015 _aGB 86-30418
020 _a0713135638
035 _aCURL Interim file ISBN03 record 113426
040 _cALUPE UNIVERSITY
082 _aRC71.3
_b.S76 1987
092 _aD0500794153
100 1 _aStopford, Victoria.
245 1 0 _aUnderstanding disability :
_bcauses, characteristics, and coping /
_cVictoria Stopford
260 _aLondon :
_bEdward Arnold,
_c1987
300 _a[171] p ;
_c22 cm
650 0 _aDiagnosis.
650 0 _aPeople with disabilities
650 0 _aDisability evaluation
942 _2lcc
_cBK